000 00229nam a22000857a 4500
008 170614b xxu||||| |||| 00| 0 eng d
100 _93418
_aAggarwal. M. C
245 _aA. P. C Lab mathematics - IX
260 _aNew delhi
_bA. P. C
_c2009
999 _c6783
_d6783